| 000 -LEADER |
| fixed length control field |
05388cam a2200385 a 4500 |
| 001 - CONTROL NUMBER |
| control field |
13911317 |
| 003 - CONTROL NUMBER IDENTIFIER |
| control field |
NUST |
| 005 - DATE AND TIME OF LATEST TRANSACTION |
| control field |
20191009155608.0 |
| 008 - FIXED-LENGTH DATA ELEMENTS--GENERAL INFORMATION |
| fixed length control field |
050325s2005 enka b 001 0 eng |
| 010 ## - LIBRARY OF CONGRESS CONTROL NUMBER |
| LC control number |
2005008574 |
| 020 ## - INTERNATIONAL STANDARD BOOK NUMBER |
| International Standard Book Number |
0415274516 (hb : alk. paper) |
| 020 ## - INTERNATIONAL STANDARD BOOK NUMBER |
| International Standard Book Number |
0415274524 (pb : alk. paper) |
| 020 ## - INTERNATIONAL STANDARD BOOK NUMBER |
| International Standard Book Number |
9780415274517 |
| 038 ## - RECORD CONTENT LICENSOR |
| Staff Name |
MSOHAIL |
| 040 ## - CATALOGING SOURCE |
| Original cataloging agency |
DLC |
| Transcribing agency |
DLC |
| Modifying agency |
DLC |
| 042 ## - AUTHENTICATION CODE |
| Authentication code |
pcc |
| 050 00 - LIBRARY OF CONGRESS CALL NUMBER |
| Classification number |
HT166 |
| Item number |
.W649 2006 |
| 082 00 - DEWEY DECIMAL CLASSIFICATION NUMBER |
| Classification number |
307.1216 |
| Edition number |
22 |
| 100 1# - MAIN ENTRY--PERSONAL NAME |
| Personal name |
Wong, Cecilia. |
| 9 (RLIN) |
23440 |
| 245 10 - TITLE STATEMENT |
| Title |
Indicators for urban and regional planning : |
| Remainder of title |
the interplay of policy and methods / |
| Statement of responsibility, etc. |
Cecilia Wong. |
| 260 ## - PUBLICATION, DISTRIBUTION, ETC. |
| Place of publication, distribution, etc. |
Abingdon, Oxon : |
| -- |
New York : |
| Name of publisher, distributor, etc. |
Routledge, |
| Date of publication, distribution, etc. |
2006. |
| 300 ## - PHYSICAL DESCRIPTION |
| Extent |
xii, 217 p. : |
| Other physical details |
ill., maps ; |
| Dimensions |
24 cm. |
| 440 #4 - SERIES STATEMENT/ADDED ENTRY--TITLE |
| Title |
The RTPI library series |
| 9 (RLIN) |
23441 |
| 504 ## - BIBLIOGRAPHY, ETC. NOTE |
| Bibliography, etc. note |
Includes bibliographical references and index. |
| 505 0# - FORMATTED CONTENTS NOTE |
| Formatted contents note |
THE VOGUE OF INDICATORS THE EPISTEMOLOGICAL POSITION OF INDICATORS THE POLITICAL-MANAGERIAL PERSPECTIVE OF INDICATOR DEVFELOPMENT THE INTERPLAY OF POLICY AND METHODS STRUCTURE OF THE BOOK Part One: Indicator Usage and Policy-Making INDICATORS AND POLICY-MAKING THEORY, MEASUREMENT AND POLICY-MAKING: THE TANGLED TRIANGLE INDICATORS AND POLICY PRACTICE: UNDERSTANDING, INTERESTS AND VALUES THE ROLE OF SOCIAL SCIENTISTS IN INDICATOR RESEARCH INDICATORS IN USE: SOME KEY ISSUES Institutionalisation of indicators The role of data agencies Standardisation versus consensus building CHANGING ETHOS OF INDICATOR USAGE THE FORMULAIC CULTURE OF FUNDING ALLOCATIONS NEO-LIBERALISM AND COMPETITIVE CULTURE NEW LABOUR AND DE-STANDARDISATION OF STATISTICS MODERNISATION AND EVIDENCE BASED POLICY-MAKING DISCRETIONARY LOCAL INTELLIGENCE EVIDENCE BASED GOVERNANCE: MORE REACHING OUT MANAGEMENT AND ORGANISATION OF NATIONAL STATISTICS BETTER INFORMATION STATISTICS: A MATTER OF TRUST AND QUALITY TOWARDS NATIONAL STATISTICS: TO BE OR NOT TO BE NEIGHBOURHOOD STATISTICS UNDER ONE ROOF EMERGING REGIONAL INTELLIGENCE POLICY, POLITICS AND STATISTICS PROVISION: THE ALLSOPP REVIEW Part Two: Conceptual, Methodological and Analytical Issues DATA: A REQUIREMENT AND A PROBLEM DATA CHALLENGES UNCERTAINTY AND VOLATILITY IN THE DATA FIELD DATA ACCESSIBILITY AND DEVELOPMENT ISSUES FINE-GRAINED AND UP-TO-DATE SPATIAL DATA DIFFICULTIES IN MAPPING DIFFERENT GEOGRAPHIES DIFFICULT TO MEASURE ISSUES INDICATOR HARMONISATION: A MIXED BLESSING TECHNICAL OR ANALYTICAL SYNTHESIS OF INDICATORS WEIGHTING AND COMPOSITE INDICES SIMPLIFICATION AND STRUCTURE OF ANALYSIS DATA ANALYSIS AND INTERPRETATION ISSUES Connection between theory and measurement Analysis and policy intelligence Tracking changes: benchmarking and trend analysis Use of soft and qualitative information INFLUENCE THE INFLUENTIALS: ACCESSIBLE PRESENTATION METHODOLOGICAL PROCESS OF INDICATOR DEVELOPMENT: A REVISIT PROCESS OF INDICATOR DEVELOPMENT CONCEPTUAL CONSOLIDATION: THEORY AND POLICY ANALYTICAL FRAMEWORK IDENTIFICATION OF INDICATORS SYNETHESIS OF INDICATOR VALUES REMARKS Part Three: Case Studies DEPRIVATION INDICATORS INTORDUCTION UNDERSTANDING DEPRIVATION CONCEPTUAL AND MEASUREMENT ISSUES The urban-rural dimension Area-based measures and area-based policies Vulnerable groups Spatial scales and administrative areas Weightings, statistical standardisation and transformation Measurement issues: do they matter? DEPRIVATION INDICES AND THEIR POLITICAL MEANING Policy towards places Index review and development Critical friends FINAL THOUGHTS URBAN AND REGIONAL DEVELOPMENT INDICATORS TRACKING URBAN AND REGIONAL CHANGE LIVABILITY AND QUALITY OF LIFE STUDIES MEASURING PLACE COMPETITIVENESS DEVOLUTION OF ECONOMIC POLICIES AND INSTITUTIONAL CHANGES The ambiguity of regional competitiveness and state of the region indicators From diagnostic to performance measures Policy devolution and institutional support CONCLUDING REMARKS SUSTAINABILITY AND PLANNING INDICATORS WICKED PROBLEMS AND OPEN CONCEPTS GLOCALISATION OF SUSTAINABILITY INDICATORS FROM SUSTAINABLE DEVELOPMENT TO SUSTAINABLE COMMUNITIES The folk movement of community indicators in the US Centrally directed community strategies in Britain More indicators for sustainable communities: the Egan Review MONITORING SPATIAL PLANNING STRATEGIES ESPON: political rationality or technical justification? Monitoring regional planning policies: national output indicators and central guidance Planning reforms and evidence based policy-making TENSIONS AND DILEMMAS CONCLUSION POLICY IDEOLOGY AND INDICATOR USAGE CENTRALISED DECENTRALISATION AND GLOCALISATION TECHNICAL EXCELLENCE AND DOMOCRACY WHERE WILL THE FUTURE LIE? References |
| 520 ## - SUMMARY, ETC. |
| Summary, etc. |
"Examines the process of indicator development in Urban and Regional Planning. Includes discussion of methodological debates and case study analysis of deprivation, urban and regional development, sustainability and planning"--Provided by publisher. |
| 650 #0 - SUBJECT ADDED ENTRY--TOPICAL TERM |
| Topical term or geographic name entry element |
City planning. |
| 9 (RLIN) |
808 |
| 650 #0 - SUBJECT ADDED ENTRY--TOPICAL TERM |
| Topical term or geographic name entry element |
Regional planning. |
| 9 (RLIN) |
23371 |
| 650 #0 - SUBJECT ADDED ENTRY--TOPICAL TERM |
| Topical term or geographic name entry element |
Social indicators. |
| 9 (RLIN) |
19908 |
| 856 41 - ELECTRONIC LOCATION AND ACCESS |
| Materials specified |
Table of contents only |
| Uniform Resource Identifier |
<a href="http://www.loc.gov/catdir/toc/ecip0510/2005008574.html">http://www.loc.gov/catdir/toc/ecip0510/2005008574.html</a> |
| 856 42 - ELECTRONIC LOCATION AND ACCESS |
| Materials specified |
Publisher description |
| Uniform Resource Identifier |
<a href="http://www.loc.gov/catdir/enhancements/fy0650/2005008574-d.html">http://www.loc.gov/catdir/enhancements/fy0650/2005008574-d.html</a> |
| 906 ## - LOCAL DATA ELEMENT F, LDF (RLIN) |
| a |
7 |
| b |
cbc |
| c |
orignew |
| d |
1 |
| e |
ecip |
| f |
20 |
| g |
y-gencatlg |
| 942 ## - ADDED ENTRY ELEMENTS (KOHA) |
| Source of classification or shelving scheme |
|
| Koha item type |
Book |